Problemas de física general
Na minha lista:
| Autor principal: | |
|---|---|
| Formato: | Livro |
| Idioma: | espanhol |
| Publicado em: |
Moscú
MIR
1970
|
| Assuntos: | |
| Tags: |
Adicionar Tag
Sem tags, seja o primeiro a adicionar uma tag!
|
MARC
| LEADER | 00000nam a2200000 a 4500 | ||
|---|---|---|---|
| 001 | UCM1007 | ||
| 003 | CL-VaPUC | ||
| 008 | 020322e19700000ru |||||||||||||||||spa|d | ||
| 082 | 0 | 4 | |a 530 |b VOL |2 21 |
| 100 | 0 | |a Volkenshtein, V. S |e author |9 468020 | |
| 245 | 1 | 0 | |a Problemas de física general |
| 300 | |a 408 p | ||
| 942 | |c BK | ||
| 945 | |d 20020322 00:00:00 |a cmena | ||
| 260 | |a Moscú |b MIR |c 1970 | ||
| 650 | 7 | |a FISICA - PROBLEMAS Y EJERCICIOS |2 CL-VaPUC |9 468021 | |
| 650 | 0 | |a Mecánica |9 260096 | |
| 650 | 0 | |a Termodinámica |9 259320 | |
| 650 | 7 | |a FISICA MOLECULAR |2 CL-VaPUC |9 337405 | |
| 650 | 0 | |a Propagación de ondas |9 263256 | |
| 650 | 0 | |a Optica |9 263171 | |
| 999 | |c 299732 |d 299730 | ||
| 583 | |k Rodrigo Vera | ||